| 000 | 00000nam 2200000zi 4500 |
| 001 | 9.933297 |
| 003 | CaOODSP |
| 005 | 20240202072610 |
| 006 | m o d f |
| 007 | cr mn||||||||| |
| 008 | 240201s2016 onca o f000 0 eng d |
| 040 | |aCaOODSP|beng|erda|cCaOODSP |
| 043 | |an-cn--- |
| 045 | |ay1y1 |
| 086 | 1 |aCR22-67/2016-1E-PDF |
| 245 | 00|aEvaluation summary of Insight Grants and Insight Development Grants. |
| 264 | 1|a[Ottawa] : |bSSHRC = CRSH, |c[2016] |
| 300 | |a1 online resource (1 page) : |bcolour illustrations |
| 336 | |atext|btxt|2rdacontent |
| 337 | |acomputer|bc|2rdamedia |
| 338 | |aonline resource|bcr|2rdacarrier |
| 500 | |aIssued also in French under title: Résumé d'évaluation des subventions Savoir et des subventions de développement Savoir du CCSH. |
| 610 | 20|aSocial Sciences and Humanities Research Council of Canada|xEvaluation. |
| 650 | 0|aResearch grants|xGovernment policy|zCanada|xEvaluation. |
| 650 | 0|aFederal aid to research|zCanada|xEvaluation. |
| 710 | 2 |aSocial Sciences and Humanities Research Council of Canada, |eissuing body. |
| 775 | 08|tRésumé d'évaluation des subventions Savoir et des subventions de développement Savoir du CCSH.|w(CaOODSP)9.933298 |
| 856 | 40|qPDF|s530 KB|uhttps://publications.gc.ca/collections/collection_2024/crsh-sshrc/CR22-67-2016-1-eng.pdf |